| 000 | 00647nam a2200205 a 4500 | ||
|---|---|---|---|
| 005 | 20240320063630.0 | ||
| 008 | 991125m19942003mx 000 0 spa u | ||
| 020 | _a968164591X | ||
| 035 | _aUPN01000024243 | ||
| 049 | _aI | ||
| 050 | 4 |
_aPZ31 _bB7.48 |
|
| 100 | 1 |
_aBröger, Achim, _d1944- _935632 |
|
| 245 | 1 | 0 |
_aFantasmas escolares / _cAchim Broger ; tr. María Ofelia Arruti. |
| 260 |
_aMéxico : _bFCE, _c1994 (2003 impr.). |
||
| 300 |
_a61 p. : _bil. |
||
| 440 | 0 |
_aA la orilla del viento. _pPara los que empiezan a leer; _v61 |
|
| 534 |
_pTraducción de: _tSchulgespenster |
||
| 650 | 4 |
_aCuentos infantiles belgas _910768 |
|
| 905 | _aInfantil | ||
| 999 |
_c24243 _d24243 |
||